| 000 | 00355nam a2200133Ia 4500 | ||
|---|---|---|---|
| 008 | 230312s9999||||xx |||||||||||||| ||und|| | ||
| 020 | _a0-7418-4575-3 | ||
| 082 |
_a720.19 _bBEY |
||
| 245 | 0 | _aBeyong the Bubble the New Japanese Architecture | |
| 260 |
_bPhaidon Press _aChina _c2008 |
||
| 300 | _a239 | ||
| 650 |
_aArchitecture _vArt & Design |
||
| 942 | _cBK | ||
| 999 |
_c11569 _d11569 |
||